Foi um presidente brasileiro? - Statistics

Estatísticas Gerais
  • Esse quiz foi jogado 422 vezes
  • A pontuação média é 11 de 16
Answers on the Grid
Answers color-coded by a green-red scale on the quiz's grid according to % correct below.
Afonso Pena
Alexandre de Moraes
José Sarney
Ruy Barbosa
Humberto Castello Branco
Michel Temer
Itamar Franco
Delfim Netto
Café Filho
Oswaldo Cruz
Rodrigues Alves
Roberto Campos
Henrique Meirelles
João Figueiredo
Floriano Peixoto
Venâncio Flores
Nelson Jobim
José Serra
Juscelino Kubitschek
João Goulart
Ernesto Geisel
Fernando Haddad
Deodoro da Fonseca
Jair Bolsonaro
Fernando Henrique Cardoso
Emilio Medici
Oscar Niemeyer
Geraldo Alckmin
 
Estatísticas das Respostas
Resposta % Correto
José Sarney
88%
Michel Temer
86%
Itamar Franco
81%
Humberto Castello Branco
73%
Jair Bolsonaro
70%
Fernando Henrique Cardoso
69%
Deodoro da Fonseca
68%
Floriano Peixoto
68%
Juscelino Kubitschek
68%
Afonso Pena
65%
Café Filho
65%
João Goulart
65%
João Figueiredo
63%
Ernesto Geisel
61%
Emilio Medici
59%
Rodrigues Alves
43%
Nenhum quiz correspondente encontrado
Distribuição das Pontuações
Porcentagem de Pessoas com Cada Pontuação
Percentil de Números Respondidos
Sua Pontuação Histórica
Você não jogou esse quiz